000 00861nam a2200289 a 4500
001 42802
003 BD-RjUL
005 20211209053608.0
008 160615s1982 nyua b 001 0 eng
020 _a0070715831
035 _a(BD-RjUL)42920
040 _aDLC
_cDLC
_dDLC
_beng
041 _aeng
082 0 0 _a338.5
_bWOI 1982
100 1 _aWonnacott, Paul.
_9131280
245 1 3 _aAn introduction to microeconomics /
_cPaul Wonnacott, Ronald Wonnacott.
250 _a2nd ed.
260 _aNew York :
_bMcGraw-Hill,
_cc1982
300 _axxv, 552 p. :
_bill. ;
_c24 cm.
500 _aChapters 1-6 and 7-23 of the authors' Economics.
504 _aIncludes bibliographical references and index.
650 0 _aMicroeconomics.
_9131531
700 1 _aWonnacott, Ronald J.
_9131282
942 _2ddc
_cBK
999 _c42802
_d42802